000 nam a22 7a 4500
999 _c7921
_d7921
008 171109b xxu||||| |||| 00| 0 eng d
100 _94385
_aNCERT
245 _aBIOLOGY LABORATRY MANUAL -XI
260 _aNEW DELHI
_bNCERT
_c2017